Normal view
MARC view
- Aslam, Muhammad Zeeshan
Entry Personal Name
001 - CONTROL NUMBER
- control field: 120087
003 - CONTROL NUMBER IDENTIFIER
- control field: NUST
005 - DATE AND TIME OF LATEST TRANSACTION
- control field: 20240124101710.0
008 - FIXED-LENGTH DATA ELEMENTS
- fixed length control field: 240124|| aca||aabn | a|a d
040 ## - CATALOGING SOURCE
- Original cataloging agency: NUST
- Transcribing agency: NUST
100 ## - HEADING--PERSONAL NAME
- Personal name: Aslam, Muhammad Zeeshan
670 ## - SOURCE DATA FOUND
- Source citation: Work cat.: (NUST): Aslam, Muhammad Zeeshan, Journalists’ Perception of Imagined Audiences and Journalistic Roles in The Digital Age/
